| 000 | 00892nam a22002177a 4500 | ||
|---|---|---|---|
| 999 |
_c21388 _d21388 |
||
| 003 | AR-CdUCM | ||
| 008 | 190524b ||||| |||| 00| 0 eng d | ||
| 020 | _a9786073238458 | ||
| 040 |
_aMUNICIPALIDAD PROVINCIAL DEL CUSCO _cBIBLIOTECA MUNICIPAL DEL CUSCO |
||
| 082 |
_a658.8/K87F _bK87F _2Decimotercera |
||
| 100 |
_aKotler, Philip _940380 |
||
| 245 | _aFundamentos de marketing / | ||
| 260 |
_aMéxico ; _bPearson, _c2017. |
||
| 300 |
_a672 Páginas. : _bilustraciones ; _c21x27 cm. |
||
| 505 | _aContenido: Definición de marketing y el proceso de marketing -- Comprensión del mercado y del valor del cliente -- Diseño de una estrategia y una mezcla de marketing orientadas a crear valor para el cliente -- Extensión de marketing ... | ||
| 650 |
_aAdministración _944605 |
||
| 650 |
_aMarketing _912422 |
||
| 700 |
_aArmstrong, Gary _944609 |
||
| 942 |
_2ddc _cLIBROS |
||
| 945 | _aRoel | ||